| 000 | 00807nam a2200265Ia 4500 | ||
|---|---|---|---|
| 003 | OSt | ||
| 005 | 20220928131347.0 | ||
| 006 | a|||||r|||| 00| 0 | ||
| 007 | ta | ||
| 008 | 220927b |||||||| |||| 00| 0 eng d | ||
| 020 | _c4040.1019999999999 | ||
| 024 | _a82280 | ||
| 037 |
_b287, 20/12/2012, Classic Book Service _cTextual |
||
| 040 |
_aSDCL _cSDCL _beng |
||
| 041 |
_2eng _aeng |
||
| 082 | _aX90aR4, Q3 | ||
| 100 |
_aParboteeah K.Praveen _9477802 |
||
| 245 | 0 | _aBusiness ethics. | |
| 260 |
_aNew York _b Routledge _c2013 |
||
| 300 |
_axxiv,629p. _ccm. |
||
| 650 |
_aBusiness Economics _9391653 |
||
| 700 |
_a Cullen John B _9460837 |
||
| 942 |
_hX90aR4, Q3 _cTEXL _2CC |
||
| 999 |
_c790305 _d790305 |
||